1577 1594 1449 1956 1575 1939 1285 1744 1195 1519 1888 1775 1989 1643 1660 1622 1213 1016 1346 1399 1717 1284 1888 1842 1288 1276 1455 1839 1234 1535 1885 1131 1372 1759 1120 1639 1495 1839 1953 1467 1039 1416 1794 1939 1735 1922 1629 1717 1201 1719 1634 1158 1281 1512 1677 1473 1722 1212 1143 1543 1624 1497 1519 1254 1690 1041 1330 1452 1197 1846 1945 1591 1207 1181 1954 1229 1190 1831 1941 1429 1057 1954 1672 2000 1371 1744 1163 1982 1138 1722 1889 1669 1677 1787 1584 1247 1688 1028 1606 BCNSPRNW ULIB Ver.6.0+V

เปลี่ยนเป็นภาษาไทย

Change to English
 แสดงรายละเอียดบรรณานุกรม
  กลับหน้าหลัก

Brief Record : Get Marc (ISO 2709) : E-mail record : QR code < ปิดหน้าต่าง
LEADER : 00000nam 2200000uu 4500
001    13399111999
003     ULIB
008    110719s2553||||th 000 0 tha d
020    6169059110
090    นว.^bพ323ม 2553
100 0   พระจันทร์เจ้าขา
245 00  มนต์รักหนุ่มบ้านไร่/^cพระจันทร์เจ้าขา
250     พิมพ์ครั้งที่ 1
260     กรุงเทพฯ :^bยูแพคอินเตอร์,^c2553
300     469 หน้า
945    ^p265^l0^i028087
995     เกษร
999     ^aใช้งานได้ทุกระบบ
รายการนี้ยังไม่มีแท็ก
คุณยังไม่ได้ล็อกอิน คุณสามารถมีกิจกรรมร่วมกับเว็บไซต์ได้ แต่ต้องล็อกอินก่อน ::
  ล็อกอิน

รายการสื่อสารสนเทศ

ลำดับที่ ประเภท เลขเรียก/บาร์โค้ด สถานที่ สถานะ
1. นวนิยาย
นวนิยาย
นว. พ323ม 2553  
  Barcode: 028087
ห้องสมุดวิทยาเขตสวรรค์ประชารักษ์
►นวนิยาย
บนชั้น
  ขอยืม

BibComment


ยังไม่เคยถูกคอมเมนท์

คอมเมนท์ทรัพยากรรายการนี้
  คอมเมนท์: มนต์รักหนุ่มบ้าน..


 Copyright 2026. Bcnsprnw @Library